[Event "FIDE World Cup 2025"]
[Site "Goa, India"]
[Date "2025.11.02"]
[Round "2.31"]
[White "Ghosh, Diptayan"]
[Black "Peng, Xiongjian"]
[Result "1/2-1/2"]
[TimeControl ": 90 minutes for the first 40 moves, followed by 30 minutes for the rest of the gamewith an increment of 30 seconds per move starting from move 1"]
[WhiteFideId "5045207"]
[BlackFideId "8610550"]
[WhiteElo "2573"]
[BlackElo "2521"]

1. c4 {[%clk 01:30:36]} {[%emt 00:00:24]} e6 {[%clk 01:30:48]} {[%emt
00:00:12]} 2. Nc3 {[%clk 01:30:55]} {[%emt 00:00:11]} d5 {[%clk 01:30:56]}
{[%emt 00:00:22]} 3. d4 {[%clk 01:31:13]} {[%emt 00:00:13]} Bb4 {[%clk
01:30:32]} {[%emt 00:00:54]} 4. cxd5 {[%clk 01:30:39]} {[%emt 00:01:03]} exd5
{[%clk 01:30:56]} {[%emt 00:00:06]} 5. Bf4 {[%clk 01:31:03]} {[%emt 00:00:06]}
Nf6 {[%clk 01:30:22]} {[%emt 00:01:04]} 6. e3 {[%clk 01:31:24]} {[%emt
00:00:09]} O-O {[%clk 01:30:20]} {[%emt 00:00:32]} 7. Bd3 {[%clk 01:31:37]}
{[%emt 00:00:17]} c5 {[%clk 01:28:09]} {[%emt 00:02:41]} 8. dxc5 {[%clk
01:30:47]} {[%emt 00:01:20]} Bxc5 {[%clk 01:27:57]} {[%emt 00:00:41]} 9. Nge2
{[%clk 01:30:11]} {[%emt 00:01:06]} Nc6 {[%clk 01:27:28]} {[%emt 00:01:00]} 10.
O-O {[%clk 01:28:15]} {[%emt 00:02:26]} d4 {[%clk 01:18:24]} {[%emt 00:09:34]}
11. exd4 {[%clk 01:27:13]} {[%emt 00:01:32]} Nxd4 {[%clk 01:18:23]} {[%emt
00:00:31]} 12. Na4 {[%clk 01:27:03]} {[%emt 00:00:40]} Nxe2+ {[%clk 01:06:24]}
{[%emt 00:12:29]} 13. Bxe2 {[%clk 01:27:28]} {[%emt 00:00:04]} Nd5 {[%clk
01:03:57]} {[%emt 00:02:58]} 14. Be5 {[%clk 01:16:43]} {[%emt 00:11:15]} Be7
{[%clk 01:03:16]} {[%emt 00:01:11]} 15. Qd4 {[%clk 01:02:13]} {[%emt 00:15:00]}
f6 {[%clk 00:55:39]} {[%emt 00:08:08]} 16. Bg3 {[%clk 00:58:00]} {[%emt
00:04:42]} Nb6 {[%clk 00:51:26]} {[%emt 00:04:43]} 17. Qf4 {[%clk 00:47:48]}
{[%emt 00:10:42]} Nxa4 {[%clk 00:50:03]} {[%emt 00:01:54]} 18. Qxa4 {[%clk
00:47:27]} {[%emt 00:00:51]} Be6 {[%clk 00:50:06]} {[%emt 00:00:27]} 19. Rfe1
{[%clk 00:46:13]} {[%emt 00:01:43]} Bc5 {[%clk 00:43:12]} {[%emt 00:07:25]} 20.
Bf3 {[%clk 00:32:18]} {[%emt 00:14:25]} Qb6 {[%clk 00:43:31]} {[%emt 00:00:11]}
21. Bxb7 {[%clk 00:18:08]} {[%emt 00:14:40]} Qxb7 {[%clk 00:43:47]} {[%emt
00:00:13]} 22. Rxe6 {[%clk 00:18:34]} {[%emt 00:00:04]} Qxb2 {[%clk 00:44:09]}
{[%emt 00:00:09]} 23. Ree1 {[%clk 00:18:10]} {[%emt 00:00:54]} Rac8 {[%clk
00:42:45]} {[%emt 00:01:53]} 24. h3 {[%clk 00:16:58]} {[%emt 00:01:41]} Bb6
{[%clk 00:39:58]} {[%emt 00:03:17]} 25. Qe4 {[%clk 00:13:09]} {[%emt 00:04:19]}
Kh8 {[%clk 00:39:43]} {[%emt 00:00:45]} 26. a4 {[%clk 00:08:26]} {[%emt
00:05:14]} Qc3 {[%clk 00:35:32]} {[%emt 00:04:40]} 27. Kh1 {[%clk 00:06:39]}
{[%emt 00:02:17]} h6 {[%emt 00:03:58]} 28. Qe7 {[%clk 00:03:28]} Bc5 {[%clk
00:33:57]} {[%emt 00:02:16]} 29. Qb7 {[%clk 00:03:53]} {[%emt 00:00:06]} Qb4
{[%clk 00:33:34]} {[%emt 00:00:53]} 30. Reb1 {[%clk 00:03:28]} {[%emt
00:00:56]} Qxb7 {[%clk 00:31:58]} {[%emt 00:02:06]} 31. Rxb7 {[%clk 00:03:56]}
{[%emt 00:00:02]} a5 {[%clk 00:30:42]} {[%emt 00:01:47]} 32. Rd1 {[%clk
00:03:29]} {[%emt 00:00:56]} Rfd8 {[%clk 00:30:57]} {[%emt 00:00:14]} 33. Rxd8+
{[%clk 00:03:22]} {[%emt 00:00:38]} Rxd8 {[%clk 00:31:22]} {[%emt 00:00:05]} 34.
Rb5 {[%clk 00:03:20]} {[%emt 00:00:32]} Rd1+ {[%clk 00:30:04]} {[%emt
00:01:48]} 35. Kh2 {[%clk 00:03:48]} {[%emt 00:00:02]} Bb4 {[%clk 00:30:30]}
{[%emt 00:00:04]} 36. Bc7 {[%clk 00:04:08]} {[%emt 00:00:10]} Ra1 {[%clk
00:30:47]} {[%emt 00:00:13]} 37. Bxa5 {[%clk 00:04:32]} {[%emt 00:00:07]} Bd6+
{[%clk 00:31:12]} {[%emt 00:00:05]} 38. g3 {[%clk 00:04:59]} {[%emt 00:00:03]}
Rxa4 {[%clk 00:31:37]} {[%emt 00:00:05]} 39. Bb6 {[%clk 00:04:44]} {[%emt
00:00:45]} 1/2-1/2

[Event "FIDE World Cup 2025"]
[Site "Goa, India"]
[Date "2025.11.02"]
[Round "2.32"]
[White "Ahmadzada, Ahmad"]
[Black "Ganguly, Surya Shekhar"]
[Result "0-1"]
[TimeControl ": 90 minutes for the first 40 moves, followed by 30 minutes for the rest of the gamewith an increment of 30 seconds per move starting from move 1"]
[WhiteFideId "13413007"]
[BlackFideId "5002150"]
[WhiteElo "2523"]
[BlackElo "2573"]

1. e4 {[%clk 01:30:55]} {[%emt 00:00:04]} e6 {[%clk 01:30:42]} {[%emt
00:00:18]} 2. d4 {[%clk 01:31:15]} {[%emt 00:00:10]} d5 {[%clk 01:31:07]}
{[%emt 00:00:05]} 3. e5 {[%clk 01:31:41]} {[%emt 00:00:05]} c5 {[%clk
01:31:18]} {[%emt 00:00:18]} 4. c3 {[%clk 01:32:04]} {[%emt 00:00:06]} Nc6
{[%clk 01:31:43]} {[%emt 00:00:05]} 5. Nf3 {[%clk 01:32:30]} {[%emt 00:00:05]}
Bd7 {[%clk 01:31:53]} {[%emt 00:00:20]} 6. Be2 {[%clk 01:32:38]} {[%emt
00:00:23]} f6 {[%clk 01:31:50]} {[%emt 00:00:32]} 7. O-O {[%clk 01:32:45]}
{[%emt 00:00:23]} fxe5 {[%clk 01:32:05]} {[%emt 00:00:15]} 8. Nxe5 {[%clk
01:33:04]} {[%emt 00:00:11]} Nxe5 {[%clk 01:32:25]} {[%emt 00:00:10]} 9. dxe5
{[%clk 01:33:28]} {[%emt 00:00:06]} Qc7 {[%clk 01:32:45]} {[%emt 00:00:10]} 10.
Re1 {[%clk 01:33:36]} {[%emt 00:00:22]} O-O-O {[%clk 01:32:33]} {[%emt
00:00:42]} 11. Bf1 {[%clk 01:33:42]} {[%emt 00:00:24]} Ne7 {[%clk 01:31:27]}
{[%emt 00:01:36]} 12. a4 {[%clk 01:29:44]} {[%emt 00:04:28]} Nf5 {[%clk
01:31:24]} {[%emt 00:00:32]} 13. Bd3 {[%clk 01:22:18]} {[%emt 00:07:56]} g6
{[%clk 01:30:45]} {[%emt 00:01:09]} 14. Na3 {[%clk 01:19:33]} {[%emt 00:03:15]}
a6 {[%clk 01:19:34]} {[%emt 00:11:42]} 15. Nc2 {[%clk 01:14:02]} {[%emt
00:06:00]} Bg7 {[%clk 01:16:17]} {[%emt 00:03:47]} 16. Bxf5 {[%clk 01:04:09]}
{[%emt 00:10:23]} gxf5 {[%clk 01:15:37]} {[%emt 00:01:10]} 17. f4 {[%clk
01:03:00]} {[%emt 00:01:39]} Rhg8 {[%clk 01:10:39]} {[%emt 00:05:28]} 18. b4
{[%clk 00:54:54]} {[%emt 00:08:36]} Bc6 {[%clk 01:08:00]} {[%emt 00:03:09]} 19.
g3 {[%clk 00:54:51]} {[%emt 00:00:33]} h5 {[%clk 00:58:09]} {[%emt 00:10:21]}
20. bxc5 {[%clk 00:33:49]} {[%emt 00:21:32]} d4 {[%clk 00:57:58]} {[%emt
00:00:41]} 21. cxd4 {[%clk 00:32:28]} {[%emt 00:01:51]} h4 {[%clk 00:57:09]}
{[%emt 00:01:19]} 22. Ra3 {[%clk 00:31:40]} {[%emt 00:01:18]} Bf8 {[%clk
00:56:23]} {[%emt 00:01:16]} 23. Qe2 {[%clk 00:24:07]} {[%emt 00:08:03]} hxg3
{[%clk 00:53:03]} {[%emt 00:03:51]} 24. Rxg3 {[%clk 00:24:03]} {[%emt
00:00:33]} Be7 {[%clk 00:52:50]} {[%emt 00:00:44]} 25. Qh5 {[%clk 00:23:28]}
{[%emt 00:01:05]} Qd7 {[%clk 00:52:11]} {[%emt 00:01:10]} 26. Ne3 {[%clk
00:20:41]} {[%emt 00:03:17]} Qxd4 {[%clk 00:47:18]} {[%emt 00:05:23]} 27. Qf7
{[%clk 00:18:52]} {[%emt 00:02:18]} Rxg3+ {[%clk 00:46:40]} {[%emt 00:01:08]}
28. hxg3 {[%clk 00:19:16]} {[%emt 00:00:05]} Qe4 {[%clk 00:46:51]} {[%emt
00:00:19]} 0-1

[Event "FIDE World Cup 2025"]
[Site "Goa, India"]
[Date "2025.11.02"]
[Round "2.33"]
[White "Lodici, Lorenzo"]
[Black "Samadov, Read"]
[Result "1/2-1/2"]
[TimeControl ": 90 minutes for the first 40 moves, followed by 30 minutes for the rest of the gamewith an increment of 30 seconds per move starting from move 1"]
[WhiteFideId "884189"]
[BlackFideId "13417444"]
[WhiteElo "2560"]
[BlackElo "2523"]

1. e4 {[%clk 01:30:57]} {[%emt 00:00:03]} c5 {[%clk 01:30:48]} {[%emt
00:00:12]} 2. Nf3 {[%clk 01:31:22]} {[%emt 00:00:05]} d6 {[%clk 01:31:12]}
{[%emt 00:00:06]} 3. Nc3 {[%clk 01:31:41]} {[%emt 00:00:11]} a6 {[%clk
01:31:18]} {[%emt 00:00:25]} 4. d4 {[%clk 01:32:05]} {[%emt 00:00:06]} cxd4
{[%clk 01:31:29]} {[%emt 00:00:19]} 5. Qxd4 {[%clk 01:32:31]} {[%emt 00:00:04]}
Nc6 {[%clk 01:29:59]} {[%emt 00:02:00]} 6. Qd3 {[%clk 01:32:45]} {[%emt
00:00:17]} Bg4 {[%clk 01:27:04]} {[%emt 00:03:25]} 7. Be2 {[%clk 01:23:51]}
{[%emt 00:09:24]} e6 {[%clk 01:21:30]} {[%emt 00:06:05]} 8. h3 {[%clk
01:07:15]} {[%emt 00:17:06]} Bh5 {[%clk 01:16:39]} {[%emt 00:05:21]} 9. Bf4
{[%clk 01:01:45]} {[%emt 00:06:01]} Nf6 {[%clk 01:12:02]} {[%emt 00:05:06]} 10.
O-O {[%clk 00:48:07]} {[%emt 00:14:08]} Qc7 {[%clk 00:59:48]} {[%emt 00:12:44]}
11. Rfd1 {[%clk 00:43:13]} {[%emt 00:05:24]} Rd8 {[%clk 00:59:12]} {[%emt
00:01:05]} 12. g4 {[%clk 00:38:21]} {[%emt 00:05:23]} Bg6 {[%clk 00:57:47]}
{[%emt 00:01:55]} 13. Qe3 {[%clk 00:38:50]} {[%emt 00:00:01]} Nd7 {[%clk
00:53:21]} {[%emt 00:04:55]} 14. Nh4 {[%clk 00:36:18]} {[%emt 00:03:02]} Qb6
{[%clk 00:44:35]} {[%emt 00:09:16]} 15. Qxb6 {[%clk 00:29:41]} {[%emt
00:07:08]} Nxb6 {[%clk 00:44:58]} {[%emt 00:00:05]} 16. Be3 {[%clk 00:29:55]}
{[%emt 00:00:16]} Nd7 {[%clk 00:42:16]} {[%emt 00:03:12]} 17. f4 {[%clk
00:30:05]} {[%emt 00:00:20]} Be7 {[%clk 00:41:07]} {[%emt 00:01:39]} 18. Nf3
{[%clk 00:28:23]} {[%emt 00:02:12]} f6 {[%clk 00:37:40]} {[%emt 00:03:57]} 19.
f5 {[%clk 00:27:55]} {[%emt 00:00:59]} Bf7 {[%clk 00:37:56]} {[%emt 00:00:14]}
20. fxe6 {[%clk 00:25:04]} {[%emt 00:03:20]} Bxe6 {[%clk 00:38:25]} {[%emt
00:00:01]} 21. Nd5 {[%clk 00:25:28]} {[%emt 00:00:06]} Rc8 {[%clk 00:37:04]}
{[%emt 00:01:51]} 22. Bf4 {[%clk 00:21:25]} {[%emt 00:04:33]} Nde5 {[%clk
00:35:35]} {[%emt 00:01:58]} 23. Ne3 {[%clk 00:16:24]} {[%emt 00:05:32]} g6
{[%clk 00:32:41]} {[%emt 00:03:24]} 24. c3 {[%clk 00:14:56]} {[%emt 00:01:58]}
Nxf3+ {[%clk 00:28:49]} {[%emt 00:04:23]} 25. Bxf3 {[%clk 00:15:24]} {[%emt
00:00:01]} Ne5 {[%clk 00:28:41]} {[%emt 00:00:37]} 26. Be2 {[%clk 00:15:53]}
{[%emt 00:00:01]} Kf7 {[%clk 00:27:40]} {[%emt 00:01:31]} 27. Kg2 {[%clk
00:16:02]} {[%emt 00:00:21]} Rc6 {[%clk 00:23:41]} {[%emt 00:04:29]} 28. Nd5
{[%clk 00:15:01]} {[%emt 00:01:31]} h5 {[%clk 00:21:54]} {[%emt 00:02:16]} 29.
Nxe7 {[%clk 00:12:02]} {[%emt 00:03:30]} Kxe7 {[%clk 00:22:19]} {[%emt
00:00:05]} 30. g5 {[%clk 00:12:30]} {[%emt 00:00:02]} Re8 {[%clk 00:18:51]}
{[%emt 00:03:58]} 31. Rd4 {[%clk 00:12:01]} {[%emt 00:00:59]} Nf7 {[%clk
00:13:47]} {[%emt 00:05:33]} 32. gxf6+ {[%clk 00:12:25]} {[%emt 00:00:06]} Kxf6
{[%clk 00:14:16]} 33. h4 {[%clk 00:12:03]} {[%emt 00:00:53]} Rec8 {[%clk
00:12:51]} {[%emt 00:01:56]} 34. Rb4 {[%clk 00:10:27]} {[%emt 00:02:07]} R8c7
{[%clk 00:12:09]} {[%emt 00:01:11]} 35. a3 {[%clk 00:09:12]} {[%emt 00:01:45]}
Bc4 {[%clk 00:10:55]} {[%emt 00:01:43]} 36. Bxc4 {[%clk 00:08:33]} {[%emt
00:01:10]} Rxc4 {[%clk 00:11:24]} {[%emt 00:00:01]} 37. Rd1 {[%clk 00:08:48]}
{[%emt 00:00:14]} Ke6 {[%clk 00:07:31]} {[%emt 00:04:22]} 38. Kf3 {[%clk
00:09:11]} {[%emt 00:00:08]} b5 {[%clk 00:03:11]} {[%emt 00:04:51]} 39. Ke3
{[%clk 00:08:03]} {[%emt 00:01:38]} R7c5 {[%clk 00:01:56]} {[%emt 00:01:45]} 40.
Rg1 {[%clk 00:07:21]} {[%emt 00:01:12]} Kf6 {[%clk 00:02:10]} {[%emt 00:00:15]}
41. Rf1 {[%clk 00:06:24]} {[%emt 00:01:28]} Ke6 {[%clk 00:28:57]} {[%emt
00:03:43]} 42. Rg1 {[%clk 00:36:14]} {[%emt 00:00:40]} Kf6 {[%clk 00:27:37]}
{[%emt 00:01:50]} 43. Rf1 {[%clk 00:36:37]} {[%emt 00:00:07]} Ke7 {[%clk
00:23:41]} {[%emt 00:04:25]} 44. Rg1 {[%clk 00:36:35]} {[%emt 00:00:34]} Kf6
{[%clk 00:21:22]} {[%emt 00:02:49]} 1/2-1/2

[Event "FIDE World Cup 2025"]
[Site "Goa, India"]
[Date "2025.11.02"]
[Round "2.34"]
[White "Rodrigue-Lemieux, Shawn"]
[Black "Kantor, Gergely"]
[Result "1/2-1/2"]
[TimeControl ": 90 minutes for the first 40 moves, followed by 30 minutes for the rest of the gamewith an increment of 30 seconds per move starting from move 1"]
[WhiteFideId "2620049"]
[BlackFideId "751499"]
[WhiteElo "2524"]
[BlackElo "2559"]

1. e4 {[%clk 01:30:57]} {[%emt 00:00:02]} e5 {[%clk 01:30:59]} {[%emt
00:00:03]} 2. Nf3 {[%clk 01:31:06]} {[%emt 00:00:20]} Nc6 {[%clk 01:31:26]}
{[%emt 00:00:03]} 3. Bc4 {[%clk 01:31:23]} {[%emt 00:00:12]} Nf6 {[%clk
01:31:54]} {[%emt 00:00:04]} 4. d3 {[%clk 01:31:44]} {[%emt 00:00:09]} Bc5
{[%clk 01:32:21]} {[%emt 00:00:04]} 5. Nc3 {[%clk 01:32:04]} {[%emt 00:00:09]}
O-O {[%clk 01:31:31]} {[%emt 00:01:21]} 6. Bg5 {[%clk 01:30:20]} {[%emt
00:02:13]} h6 {[%clk 01:31:31]} {[%emt 00:00:31]} 7. Bxf6 {[%clk 01:30:42]}
{[%emt 00:00:08]} Qxf6 {[%clk 01:31:57]} {[%emt 00:00:03]} 8. Nd5 {[%clk
01:31:03]} {[%emt 00:00:09]} Qd8 {[%clk 01:32:25]} {[%emt 00:00:03]} 9. c3
{[%clk 01:31:12]} {[%emt 00:00:21]} a5 {[%clk 01:32:40]} {[%emt 00:00:16]} 10.
d4 {[%clk 01:30:56]} {[%emt 00:00:44]} exd4 {[%clk 01:31:16]} {[%emt 00:01:55]}
11. cxd4 {[%clk 01:31:18]} {[%emt 00:00:07]} Bb4+ {[%clk 01:31:39]} {[%emt
00:00:08]} 12. Kf1 {[%clk 01:10:17]} {[%emt 00:21:30]} Ne7 {[%clk 01:17:29]}
{[%emt 00:14:40]} 13. Nxe7+ {[%clk 00:57:40]} {[%emt 00:13:08]} Bxe7 {[%clk
01:17:39]} {[%emt 00:00:20]} 14. Ne5 {[%clk 00:57:59]} {[%emt 00:00:11]} Bf6
{[%clk 00:59:31]} {[%emt 00:18:39]} 15. f4 {[%clk 00:18:01]} {[%emt 00:40:27]}
Bxe5 {[%clk 00:43:35]} {[%emt 00:16:28]} 16. dxe5 {[%clk 00:17:35]} {[%emt
00:00:55]} d6 {[%clk 00:43:52]} {[%emt 00:00:13]} 17. exd6 {[%clk 00:17:50]}
{[%emt 00:00:14]} cxd6 {[%clk 00:41:44]} {[%emt 00:02:40]} 18. Qd4 {[%clk
00:17:33]} {[%emt 00:00:47]} Be6 {[%clk 00:39:55]} {[%emt 00:02:19]} 19. Bd3
{[%clk 00:17:35]} {[%emt 00:00:26]} Rc8 {[%clk 00:29:31]} {[%emt 00:10:55]} 20.
Kf2 {[%clk 00:17:43]} {[%emt 00:00:22]} Kh8 {[%clk 00:21:43]} {[%emt 00:08:19]}
21. Rhf1 {[%clk 00:16:22]} {[%emt 00:01:51]} f5 {[%clk 00:19:38]} {[%emt
00:02:36]} 22. exf5 {[%clk 00:05:54]} {[%emt 00:10:58]} Bxf5 {[%clk 00:19:26]}
{[%emt 00:00:43]} 23. Bxf5 {[%clk 00:06:12]} {[%emt 00:00:11]} Rxf5 {[%clk
00:19:54]} {[%emt 00:00:02]} 24. Kg1 {[%clk 00:03:51]} {[%emt 00:02:50]} Qf6
{[%clk 00:19:04]} {[%emt 00:01:20]} 25. Qxf6 {[%clk 00:03:54]} {[%emt
00:00:27]} Rxf6 {[%clk 00:19:31]} {[%emt 00:00:04]} 26. Rf2 {[%clk 00:04:10]}
{[%emt 00:00:13]} Kg8 {[%clk 00:16:50]} {[%emt 00:03:11]} 27. Rd1 {[%clk
00:04:11]} {[%emt 00:00:28]} Kf7 {[%clk 00:17:03]} {[%emt 00:00:18]} 28. g3
{[%clk 00:04:22]} {[%emt 00:00:18]} Rc5 {[%clk 00:15:56]} {[%emt 00:01:38]} 29.
Kg2 {[%clk 00:04:33]} {[%emt 00:00:19]} Ke7 {[%clk 00:10:20]} {[%emt 00:06:07]}
30. g4 {[%clk 00:04:37]} {[%emt 00:00:24]} Rc4 {[%clk 00:09:38]} {[%emt
00:01:12]} 31. Kg3 {[%clk 00:04:38]} {[%emt 00:00:29]} Re6 {[%clk 00:09:34]}
{[%emt 00:00:35]} 32. Rd5 {[%clk 00:03:33]} {[%emt 00:01:34]} Re3+ {[%clk
00:04:53]} {[%emt 00:05:12]} 33. Kh4 {[%clk 00:03:40]} {[%emt 00:00:23]} Rc5
{[%clk 00:04:26]} {[%emt 00:00:57]} 34. Rfd2 {[%clk 00:01:23]} {[%emt
00:02:46]} Rxd5 {[%clk 00:01:19]} {[%emt 00:03:37]} 35. Rxd5 {[%clk 00:01:52]}
{[%emt 00:00:01]} Re2 {[%clk 00:01:37]} {[%emt 00:00:12]} 36. Rb5 {[%clk
00:02:11]} {[%emt 00:00:10]} Rxh2+ {[%clk 00:01:23]} {[%emt 00:00:45]} 37. Kg3
{[%clk 00:02:39]} {[%emt 00:00:02]} Rc2 {[%clk 00:01:10]} {[%emt 00:00:44]} 38.
Rxb7+ {[%clk 00:03:03]} {[%emt 00:00:05]} Kf6 {[%clk 00:01:27]} {[%emt
00:00:13]} 39. Kf3 {[%clk 00:01:59]} {[%emt 00:01:33]} g6 {[%clk 00:01:15]}
{[%emt 00:00:42]} 40. Rb5 {[%clk 00:02:04]} {[%emt 00:00:25]} a4 {[%clk
00:01:04]} {[%emt 00:00:42]} 41. a3 {[%clk 00:29:22]} {[%emt 00:03:11]} Ke6
{[%clk 00:26:16]} {[%emt 00:05:18]} 42. Ke4 {[%clk 00:28:02]} {[%emt 00:01:49]}
Rg2 {[%clk 00:23:05]} {[%emt 00:03:42]} 43. Rb4 {[%clk 00:26:41]} {[%emt
00:01:50]} Rd2 {[%clk 00:16:48]} {[%emt 00:06:48]} 44. Rb7 {[%clk 00:23:17]}
{[%emt 00:03:54]} Kf6 {[%clk 00:14:46]} {[%emt 00:02:31]} 45. Rd7 {[%clk
00:08:00]} {[%emt 00:15:47]} Re2+ {[%clk 00:08:12]} {[%emt 00:07:05]} 46. Kd4
{[%clk 00:07:13]} {[%emt 00:01:16]} Rxb2 {[%clk 00:07:07]} {[%emt 00:01:36]} 47.
Rxd6+ {[%clk 00:07:35]} {[%emt 00:00:07]} Kf7 {[%clk 00:07:35]} {[%emt
00:00:02]} 48. Ra6 {[%clk 00:06:36]} {[%emt 00:01:29]} Rg2 {[%clk 00:07:11]}
{[%emt 00:00:54]} 49. Rxa4 {[%clk 00:04:59]} {[%emt 00:02:07]} Rxg4 {[%clk
00:07:34]} {[%emt 00:00:07]} 50. Ke5 {[%clk 00:05:18]} {[%emt 00:00:10]} h5
{[%clk 00:07:44]} {[%emt 00:00:21]} 51. Ra7+ {[%clk 00:03:31]} {[%emt
00:02:17]} 1/2-1/2

[Event "FIDE World Cup 2025"]
[Site "Goa, India"]
[Date "2025.11.02"]
[Round "2.35"]
[White "Flores, Diego"]
[Black "Makhnev, Denis"]
[Result "1-0"]
[TimeControl ": 90 minutes for the first 40 moves, followed by 30 minutes for the rest of the gamewith an increment of 30 seconds per move starting from move 1"]
[WhiteFideId "108049"]
[BlackFideId "13707647"]
[WhiteElo "2558"]
[BlackElo "2525"]

1. Nf3 {[%clk 01:30:43]} {[%emt 00:00:16]} d5 {[%clk 01:30:48]} {[%emt
00:00:13]} 2. g3 {[%clk 01:30:49]} {[%emt 00:00:23]} g6 {[%clk 01:30:47]}
{[%emt 00:00:32]} 3. c4 {[%clk 01:27:48]} {[%emt 00:03:31]} dxc4 {[%clk
01:20:57]} {[%emt 00:10:20]} 4. Na3 {[%clk 01:23:08]} {[%emt 00:05:10]} Bg7
{[%clk 01:21:12]} {[%emt 00:00:15]} 5. Nxc4 {[%clk 01:22:21]} {[%emt 00:01:17]}
Nf6 {[%clk 01:21:12]} {[%emt 00:00:30]} 6. Bg2 {[%clk 01:21:31]} {[%emt
00:01:20]} O-O {[%clk 01:21:30]} {[%emt 00:00:12]} 7. O-O {[%clk 01:17:29]}
{[%emt 00:04:32]} a5 {[%clk 01:21:40]} {[%emt 00:00:20]} 8. b3 {[%clk
01:15:37]} {[%emt 00:02:22]} Be6 {[%clk 01:00:42]} {[%emt 00:21:29]} 9. Bb2
{[%clk 01:07:54]} {[%emt 00:08:12]} a4 {[%clk 00:52:01]} {[%emt 00:09:12]} 10.
Qc2 {[%clk 00:59:37]} {[%emt 00:08:47]} axb3 {[%clk 00:36:31]} {[%emt
00:16:01]} 11. axb3 {[%clk 00:59:52]} {[%emt 00:00:14]} Rxa1 {[%clk 00:36:39]}
{[%emt 00:00:22]} 12. Rxa1 {[%clk 00:59:45]} {[%emt 00:00:37]} Nc6 {[%clk
00:37:04]} {[%emt 00:00:05]} 13. Bc3 {[%clk 00:57:17]} {[%emt 00:02:57]} Bd5
{[%clk 00:30:33]} {[%emt 00:07:02]} 14. Ne3 {[%clk 00:42:55]} {[%emt 00:14:53]}
Bxf3 {[%clk 00:28:52]} {[%emt 00:02:10]} 15. Bxf3 {[%clk 00:39:59]} {[%emt
00:03:26]} Nd4 {[%clk 00:28:46]} {[%emt 00:00:37]} 16. Bxd4 {[%clk 00:40:21]}
{[%emt 00:00:07]} Qxd4 {[%clk 00:29:10]} {[%emt 00:00:06]} 17. Ra4 {[%clk
00:40:35]} {[%emt 00:00:16]} Qb6 {[%clk 00:29:24]} {[%emt 00:00:16]} 18. Nc4
{[%clk 00:39:20]} {[%emt 00:01:45]} Qb5 {[%clk 00:24:42]} {[%emt 00:05:13]} 19.
Na5 {[%clk 00:14:48]} {[%emt 00:25:02]} c6 {[%clk 00:25:01]} {[%emt 00:00:11]}
20. Qc4 {[%clk 00:14:55]} {[%emt 00:00:22]} Rd8 {[%clk 00:21:05]} {[%emt
00:04:26]} 21. Qxb5 {[%clk 00:14:42]} {[%emt 00:00:44]} cxb5 {[%clk 00:21:28]}
{[%emt 00:00:07]} 22. Ra2 {[%clk 00:15:05]} {[%emt 00:00:07]} Ra8 {[%clk
00:18:35]} {[%emt 00:03:22]} 23. Bxb7 {[%clk 00:12:57]} {[%emt 00:02:38]} Ra7
{[%clk 00:19:00]} {[%emt 00:00:06]} 24. Bc6 {[%clk 00:13:19]} {[%emt 00:00:08]}
e6 {[%clk 00:18:45]} {[%emt 00:00:45]} 25. Bxb5 {[%clk 00:11:56]} {[%emt
00:01:53]} Ne4 {[%clk 00:18:42]} {[%emt 00:00:32]} 26. Bd3 {[%clk 00:04:15]}
{[%emt 00:08:11]} Nxd2 {[%clk 00:13:32]} {[%emt 00:05:41]} 27. b4 {[%clk
00:04:43]} {[%emt 00:00:03]} Nb3 {[%clk 00:09:49]} {[%emt 00:04:12]} 28. Bc4
{[%clk 00:04:33]} {[%emt 00:00:39]} Nd4 {[%clk 00:10:11]} {[%emt 00:00:08]} 29.
Rd2 {[%clk 00:01:31]} {[%emt 00:03:32]} e5 {[%clk 00:09:42]} {[%emt 00:01:00]}
30. Kg2 {[%clk 00:00:38]} {[%emt 00:01:24]} Bf8 {[%clk 00:09:59]} {[%emt
00:00:12]} 31. Rb2 {[%clk 00:00:51]} {[%emt 00:00:17]} Bxb4 {[%clk 00:01:51]}
{[%emt 00:08:38]} 32. Rxb4 {[%clk 00:01:18]} {[%emt 00:00:03]} Rxa5 {[%clk
00:02:17]} {[%emt 00:00:04]} 33. Rb8+ {[%clk 00:01:46]} {[%emt 00:00:02]} Kg7
{[%clk 00:02:42]} {[%emt 00:00:05]} 34. Rb7 {[%clk 00:02:12]} {[%emt 00:00:04]}
Rc5 {[%clk 00:02:12]} {[%emt 00:01:00]} 35. Bxf7 {[%clk 00:01:16]} {[%emt
00:01:26]} Rb5 {[%clk 00:01:51]} {[%emt 00:00:51]} 36. Rc7 {[%clk 00:01:23]}
{[%emt 00:00:23]} Rb2 {[%clk 00:01:36]} {[%emt 00:00:45]} 37. Bd5+ {[%clk
00:00:48]} {[%emt 00:01:05]} Kh8 {[%clk 00:01:56]} {[%emt 00:00:10]} 38. Rc8+
{[%clk 00:00:51]} {[%emt 00:00:27]} Kg7 {[%clk 00:02:21]} {[%emt 00:00:04]} 39.
Rc7+ {[%clk 00:01:20]} {[%emt 00:00:02]} Kh8 {[%clk 00:02:48]} {[%emt
00:00:03]} 40. e3 {[%clk 00:00:40]} {[%emt 00:01:10]} Nf5 {[%clk 00:01:47]}
{[%emt 00:01:31]} 41. Kf3 {[%emt 00:00:40]} Rd2 {[%clk 00:01:14]} {[%emt
00:01:01]} 42. Be4 {[%clk 00:19:34]} {[%emt 00:11:27]} Nd6 {[%clk 00:31:05]}
{[%emt 00:00:38]} 43. Bc2 {[%clk 00:18:24]} {[%emt 00:01:41]} Nb5 {[%clk
00:29:05]} {[%emt 00:02:31]} 44. Rc5 {[%clk 00:17:13]} {[%emt 00:01:40]} Nd6
{[%clk 00:29:22]} {[%emt 00:00:13]} 45. Kg2 {[%clk 00:14:15]} {[%emt 00:03:27]}
Kg7 {[%clk 00:28:11]} {[%emt 00:01:42]} 46. Kf1 {[%clk 00:14:17]} {[%emt
00:00:27]} Nf7 {[%clk 00:26:54]} {[%emt 00:01:47]} 47. Rc7 {[%clk 00:10:03]}
{[%emt 00:04:44]} Kf8 {[%clk 00:23:33]} {[%emt 00:03:52]} 48. h4 {[%clk
00:08:30]} {[%emt 00:02:03]} Nd8 {[%clk 00:17:56]} {[%emt 00:06:07]} 49. Ke1
{[%clk 00:08:31]} {[%emt 00:00:29]} Ne6 {[%clk 00:18:22]} {[%emt 00:00:04]} 50.
Rc6 {[%clk 00:08:35]} {[%emt 00:00:26]} Nd8 {[%clk 00:18:46]} {[%emt 00:00:06]}
51. Rc5 {[%clk 00:08:43]} {[%emt 00:00:21]} Nb7 {[%clk 00:18:45]} {[%emt
00:00:31]} 52. Rc7 {[%clk 00:08:33]} {[%emt 00:00:40]} 1-0